[Event "Dyfed Open"]
[Site "Fishguard"]
[Date "2019.02.24"]
[Round "4.3"]
[White "Jones, Iolo C"]
[Black "Heap, Gerry"]
[Result "0-1"]
[WhiteElo "2205"]
[BlackElo "2095"]
[Annotator "kemen"]
[PlyCount "102"]
[EventDate "2019.??.??"]

1. c4 c5 2. g3 Nc6 3. Bg2 g6 4. Nc3 Bg7 5. e3 Nf6 6. Nge2 d6 7. O-O O-O 8. b3 (
8. d4 {main}) 8... Bg4 (8... Bf5) (8... Bd7) 9. f3 $146 {[%eval 0,0] obstructs
the g2} (9. h3 {main}) 9... Bd7 10. Bb2 a6 11. d4 cxd4 12. exd4 (12. Nxd4)
12... Rb8 (12... b5 $15 13. cxb5 axb5 14. Nxb5 Nd5 15. Rf2 Qb6 16. Nbc3 Nxc3
17. Bxc3 Nb4 18. Qd2 Nd5 19. Bb2 Bc6 20. f4 e6 $11 {Stockfish10}) 13. Kh1 (13.
d5 Na5 14. Qd2 b5 15. cxb5 Qb6+ 16. Rf2 axb5 17. Nd1 $11 {Stockfish10}) 13...
b5 14. c5 {an unusual push in these kind of positions} (14. cxb5 axb5 15. d5
Ne5 16. a3 $11 {Stockfish10}) 14... b4 $15 15. Na4 Nd5 16. Qd2 Na5 17. Rac1
Bxa4 18. bxa4 Qd7 (18... b3 $19 {Stockfish10} 19. a3 dxc5 20. Rxc5 Nb7 21. Rc6
Nb6 22. Rb1 Nxa4 23. Rxa6 Nbc5 24. Ra5 Qd7 $19 {Stockfish10}) (18... dxc5 19.
Rxc5 Nb7 20. Rc4 e6 21. Rfc1 b3 $19 {Stockfish10}) 19. f4 Qe6 $2 (19... dxc5
20. Rxc5 Nb6 $15 {Stockfish10}) (19... e6) 20. Qd3 (20. f5 $1 gxf5 21. Rfe1 Qh6
22. Qxh6 Bxh6 23. Bxd5 Bxc1 24. Bxc1 $18 {Stockfish10}) 20... Qe3 21. Rfd1 (21.
Qd1 Qe6 22. f5 gxf5 23. Qd3 Qe3 24. Qxf5 e6 25. Qh5 Nf6 26. Qf3 Qxf3 27. Bxf3
d5 28. Rb1 $11 {Stockfish10}) 21... Qxd3 22. Rxd3 Nf6 23. Kg1 (23. Rc2 d5 24.
Nc1 e6 25. Nb3 Nc6 26. Re2 $11 {Stockfish10}) 23... Rfc8 $15 24. cxd6 exd6 25.
Bh3 (25. d5 Nd7 26. Bxg7 Kxg7 27. Rdd1 Nc5 28. Bh3 Re8 29. Nd4 b3 30. axb3
Naxb3 31. Nxb3 Rxb3 $17 {[%eval 0,0] Stockfish10-the N is superior to the})
25... Rc4 (25... Re8 $19 {Stockfish10 & Komodo12} 26. Kf2 (26. Kf1 Nd5 27. Kf2
f5 $19 {Wh is running out of space for his pieces}) 26... Ne4+ (26... d5 $19 {
& Wh has a bad QB})) 26. Rdd1 d5 27. Kf1 Ne4 $19 {Stockfish10- one can just
compare the placing of the Bl pieces to those of the Wh ones} 28. Ke1 Bf8 (
28... b3 29. axb3 Rxb3 30. Ba1 Bf8 $19 {Stockfish10}) 29. Rd3 h5 30. Re3 f5 (
30... b3 31. axb3 Bb4+ 32. Kf1 Nxb3 33. Rxb3 Nd2+ $19 {Stockfish10}) 31. Bg2
Rbc8 32. Bxe4 fxe4 (32... dxe4 {slightly preferred by Stockfish10}) 33. Kd1 Bg7
(33... Bd6) 34. Rb1 (34. Rxc4 Nxc4 35. Rb3 a5 {Stockfish10- there seem to be
no good places for the Wh pieces}) 34... Nc6 35. Rb3 a5 36. a3 bxa3 37. Rxa3
Rb8 38. Rc3 Rxc3 (38... Nxd4) 39. Nxc3 Bxd4 (39... Nxd4 40. Nxd5 Rd8 41. Nc3
Nf3+ 42. Ke2 (42. Kc1 Nd2) 42... Rd2+ 43. Ke3 Bxc3 44. Bxc3 Rd3+ 45. Kxe4 Rxc3
$19 {Stockfish10}) 40. Kd2 (40. Nb5 Bxb2 41. Rxb2 Nd4 42. h3 Kf8 $19 (42... e3
$19 {Stockfish10})) 40... Bxc3+ 41. Kxc3 Rb4 (41... d4+ 42. Kd2 Kf7 43. Kc2
Nb4+ 44. Kb3 Nd3+ $19 {Stockfish10}) 42. Rd1 d4+ 43. Kc2 Rxa4 (43... d3+ 44.
Kc1 (44. Kc3 Ne7) 44... Rb3 45. Re1 d2+ $19 {Stockfish10}) 44. Re1 e3 (44...
d3+ 45. Kd2 Kf7 46. h3 Ra2 $19 {Stockfish10}) 45. Kd3 Nb4+ 46. Ke4 d3 (46...
Kf7 {Stockfish10}) 47. Kf3 e2 48. Bc3 Ra3 49. Bd2 Nc2 50. Rc1 e1=Q 51. Bxe1 d2+
0-1

[Event "Dyfed Open"]
[Site "Fishguard"]
[Date "2019.02.24"]
[Round "4.4"]
[White "Taylor, Robert Graham"]
[Black "Waddington, Mike P"]
[Result "1/2-1/2"]
[WhiteElo "1809"]
[BlackElo "2074"]
[Annotator "kemen"]
[PlyCount "147"]
[EventDate "2019.??.??"]

{[%evp 0,9,25,-37,28,-15,-16,-18,14,17,8,15]} 1. f4 f5 2. c4 Nf6 3. Nf3 g6 4.
Nc3 Bg7 5. e3 (5. g3) 5... O-O 6. d4 d6 7. Be2 a5 $146 (7... c6) (7... Nbd7) 8.
Qc2 Nc6 9. a3 e5 10. d5 (10. dxe5 dxe5 11. O-O e4 12. Rd1 Qe7 13. Nd4 $11 {
Komodo12}) 10... Nb8 11. fxe5 dxe5 12. O-O (12. Nxe5 Ne4 13. Nf3 Nxc3 14. bxc3
Na6 $11 {Komodo12}) 12... e4 13. Nd4 Na6 (13... c5 14. Ndb5 Nbd7 15. d6 Ne5 $11
{Komodo12}) 14. Bd2 Bd7 15. Ncb5 (15. Be1) 15... c5 (15... Nc5 16. Rad1 c6 $11
{Komodo12}) 16. dxc6 bxc6 17. Nc3 (17. Nd6 Qe7 18. c5 Nd5 19. Bc4 Be5 20. Bxa5
Nxc5 21. Bxd5+ cxd5 22. Qxc5 Qxd6 23. Qxd6 Bxd6 24. Bb4 (24. Bd2 Rfe8 $15)
24... Bxb4 25. axb4 Rab8 26. Ra5 Rxb4 27. Rxd5 Be8 28. Rf2 Rb7 $11 {Komodo12})
17... Bh6 (17... Nc5 $15) 18. Rad1 Rb8 19. Bc1 Qc7 20. Qd2 (20. Na4 c5 21. Nb5
Qe5 22. Qc3 Qxc3 23. Naxc3 $14 {Komodo12}) 20... Rfd8 $17 21. Qe1 Qe5 (21...
Nc5 22. Qh4 Bg7 $17 {Komodo12}) 22. Qh4 Kg7 23. h3 Nc5 24. g4 fxg4 25. hxg4 Qg5
(25... Bg5 26. Qh2 (26. Qf2 Nd3 $19 27. Qg2 Nxc1) 26... Qxh2+ 27. Kxh2 Nxg4+
28. Bxg4 Bxg4 29. Rg1 h5 30. Nxc6 Rxd1 31. Nxd1 Rc8 32. Ne5 Bxd1 33. Rxg5 Kf6
34. Rg1 Kxe5 35. Rxd1 Nd3 $17 {Komodo12}) 26. Qg3 (26. Qxg5 Bxg5 27. b4 Nd3 28.
Nxe4 Nxe4 29. Bxd3 Nc3 30. Rde1 Bh4 31. Bd2 Bxe1 32. Bxe1 axb4 33. axb4 Na4 34.
c5 Rf8 35. Rxf8 Rxf8 36. Be2 $15 {Komodo12}) 26... Re8 (26... Nxg4 $17) 27. Rf2
Qe5 28. Kg2 Qxg3+ 29. Kxg3 a4 $17 30. Nc2 Bg5 31. Nb4 Re7 32. Rd6 Nb3 33. Rf1
Nxc1 34. Rxc1 Bxe3 35. Rcd1 Be8 (35... Rf7 $17) 36. Nxc6 (36. Nxa4 c5 37. Nc6
Bxc6 38. Rxc6 Bd4 $17 {Komodo12}) 36... Bxc6 37. Rxc6 Rxb2 $19 38. Rf1 Bg5 (
38... Bd4 $1 39. g5 Nh5+ 40. Bxh5 Be5+ 41. Rf4 (41. Kg4 Rg2+ 42. Kh3 Rh2+ 43.
Kg4 gxh5+ 44. Kf5 Bxc3 $19) 41... Rb3 $19 {Komodo12}) 39. Bd1 e3 (39... Rd7 40.
Nd5 Ra2 41. Ra6 Rxa3+ 42. Kg2 Nxd5 43. cxd5 Rxd5 44. Rxa4 Rd2+ 45. Rf2 Rad3 46.
Be2 e3 47. Bxd3 Rxf2+ 48. Kg3 Bd8 $19 {Komodo12}) 40. Re1 Rf2 41. Ne2 Re4 $19
42. Rc7+ Kh6 $2 (42... Kf8 43. Rc8+ Ke7 44. Rc7+ Kd6 45. Ra7 Rxg4+ 46. Kh3 Rh4+
47. Kg3 Ne4# {Komodo12}) 43. Rh1+ Nh5+ 44. gxh5 $16 gxh5 45. Rc6+ Bf6 (45...
Rf6) 46. Nc3 h4+ (46... Re5) 47. Kh3 Re5 48. Nd5 e2 (48... Kg7 49. Re1 $16) 49.
Rxf6+ (49. Bxe2 Rexe2 50. Nxf6 $18 {Komodo12} Kg7 51. Ng4 Rf5 52. Rb1 h5 53.
Rb7+ Rf7 54. Rxf7+ Kxf7 55. Nh6+ Ke8 56. Nf5 Ra2 57. Re6+ Kd7 58. Rd6+ Kc7 59.
Rd3 $18) 49... Rxf6 50. Nxf6 Kg5 (50... exd1=Q 51. Rxd1 Re3+ 52. Kxh4 Kg6 53.
Rf1 Rxa3 54. Ne8 h6 55. Rf6+ Kh7 56. Ra6 Re3 57. Nf6+ Kg7 58. Ng4 Rc3 59. Rxa4
$18 {Komodo12}) 51. Bxe2 (51. Nxh7+ Kh6 52. Bxe2 Rxe2 53. Nf6 $18 {Komodo12})
51... Rxe2 (51... Re3+ 52. Kg2 Kxf6 53. Kf2 Rxa3 54. Rxh4 Rb3 55. Rxh7 Ke5 {
Komodo12-and Lomonosov Tablebases confirm this is a drawn position}) 52. Nxh7+
(52. Nd5 Ra2 53. Rg1+ Kf5 (53... Kh6 54. Kxh4 Rxa3 $2 55. Nf6 {mating}) 54.
Rf1+ Ke5 55. Rf3 $18 {Komodo12}) 52... Kh6 (52... Kg6 $16) 53. Kxh4 (53. Nf6
$18 Rc2 54. Kxh4 Rxc4+ 55. Ng4+ Kg6 56. Rf1 Rc3 57. Ne5+ Kh6 58. Rf6+ Kh7 59.
Rf3 $18 {Komodo12}) 53... Re4+ (53... Kxh7 54. Kg5+ Kg7 55. Kf4 Rc2 56. Re1
Rxc4+ 57. Re4 Rxe4+ $11 (57... Rc5 $11)) 54. Kg3+ $18 {(draw?)} Kg7 55. Rc1 (
55. c5 {Komodo12} Re5 56. Rc1 Kxh7 57. c6 (57. Kf4 {both mate in 20- Lomonosov
tablebases})) 55... Kxh7 56. c5 {and now its a draw!} (56. Kf3 $1 Re8 57. Rg1 {
is a mate in 44- Lomonosov tablebases}) 56... Re8 57. Kf4 Kg6 58. Rc4 Kf7 59.
Rxa4 {& Marshall twice showed how Bl can survive this intriguing endgame.
Though the defender has to accurate avoid The attacker getting a Lucena
position by sacrificing the a pawn at some point.} Rc8 60. Rc4 Ke6 61. Ke4 Rh8
$2 {and this should lose} (61... Kd7 {holds}) 62. Kd4 {now the draw is back in
place} (62. Rd4 $1 $18 {cuts off the Bl K & lets the Wh one slipto the q side})
62... Rh3 63. a4 Rh1 64. c6 Kd6 65. c7 Rh4+ 66. Kc3 Rxc4+ 67. Kxc4 Kxc7 68. Kc5
Kb7 69. Kb5 Ka8 70. Kb6 Kb8 71. a5 Ka8 72. a6 Kb8 73. a7+ Ka8 74. Ka6 1/2-1/2

[Event "Dyfed Open"]
[Site "Fishguard"]
[Date "2019.02.24"]
[Round "4.5"]
[White "Byway, Paul V"]
[Black "May, Adam J"]
[Result "1/2-1/2"]
[WhiteElo "2060"]
[BlackElo "1906"]
[Annotator "kemen"]
[PlyCount "55"]
[EventDate "2019.??.??"]

{[%evp 0,24,25,8,20,5,19,-18,-8,-6,8,19,8,3,8,8,3,-5,-11,-9,9,3,36,30,35,39,51]
} 1. Nf3 d5 2. e3 Nf6 3. b3 e6 4. Bb2 Be7 5. d4 O-O 6. Bd3 c5 7. O-O b6 8. Qe2
Bb7 9. c4 Nbd7 10. Nc3 Rc8 11. cxd5 cxd4 12. Nxd4 Nxd5 13. Nxd5 Bxd5 14. Rad1
Qc7 15. Bb1 $146 (15. e4 {Cloud Engines;1.5-0.5}) (15. Ba6 {1.5-0.5}) 15...
Rfd8 16. Rc1 (16. Nf5 $1 $16 {Komodo12} exf5 (16... Bf8 17. Nh6+ $18) (16...
Nf6 17. Rc1 Qb7 18. Rxc8 Rxc8 19. Bxf6 exf5 (19... gxf6 20. Qg4+) 20. Bxe7 Qxe7
21. Bxf5 $16) 17. Rxd5 $16 {Komodo12}) 16... Qb8 17. Rxc8 Rxc8 18. Rd1 $14 Nf6
19. e4 Bb7 20. Nf3 Qf4 21. Be5 Qg4 22. h3 Qh5 23. Bd6 (23. Bb2 $14 {Komodo12})
23... Bxd6 24. Rxd6 Qc5 25. Rd4 Qc1+ 26. Rd1 Qc7 27. Re1 g6 28. Qe3 1/2-1/2

[Event "Dyfed Open"]
[Site "Fishguard"]
[Date "2019.02.24"]
[Round "4.6"]
[White "Barnaby, Nicholas"]
[Black "Jones, Dewi"]
[Result "1-0"]
[WhiteElo "1998"]
[BlackElo "1504"]
[Annotator "kemen"]
[PlyCount "71"]
[EventDate "2019.??.??"]

1. d4 Nf6 2. Bg5 c5 3. Bxf6 exf6 4. d5 (4. Nf3 cxd4 5. Qxd4 {Haigh-Jones, rd3
Dyfed Open 2019,0-1}) 4... c4 {rare} (4... d6) (4... Qb6) (4... f5) 5. Qd4 b5 {
Cloud Engines} (5... Qb6 6. Qxc4 Qxb2 7. Qxc8+ Ke7 8. Qc3 $2 (8. e3 Qxa1 9.
Qxb7 $18) 8... Qc1# {Mundet Riera-Badosa Romanyo, Olot Volcans op 2011,0-1}) 6.
c3 (6. a4 $16) 6... Na6 (6... Bb7 $11) 7. Qe4+ (7. d6 $18 {Stockfish10}) 7...
Qe7 8. Qxe7+ Bxe7 9. e3 (9. Nd2 O-O $15) 9... Bb7 (9... Nc5 $17) 10. a4 $11
Bxd5 11. axb5 Nc5 12. Nd2 Nd3+ 13. Bxd3 cxd3 14. Ngf3 (14. e4 $14) 14... O-O
15. O-O Rfc8 (15... Rfb8) 16. Ra4 (16. Nd4 $16) 16... Be6 17. Rfa1 Rab8 18. Nd4
Bc5 19. Nxe6 (19. Ne4 Bxd4 20. exd4 Bb3 21. Rxa7 h6 22. Nd2 Rxb5 $14 {
Stockfish10}) 19... fxe6 20. c4 d5 21. b3 $11 e5 22. g3 f5 23. Rc1 (23. Nf3 Re8
24. Kf1 $11 {Stockfish10}) 23... e4 (23... Re8 $17) 24. cxd5 Bxe3 $2 (24... Bf8
$11) 25. Rxc8+ Rxc8 26. fxe3 $18 Rc1+ 27. Kg2 (27. Kf2 Rc2 28. Rxa7 Rxd2+ 29.
Ke1 Re2+ 30. Kd1 $18 {Stockfish10}) 27... Rc2 28. d6 Kf8 29. Rxa7 (29. b6 $1 {
Stockfish12}) 29... Rxd2+ 30. Kh3 Ke8 31. b6 (31. Ra8+ Kd7 32. b6) 31... Rb2
32. b7 Rxb3 33. Ra8+ Kd7 34. b8=Q Rxb8 35. Rxb8 Kxd6 36. Kg2 1-0

[Event "Dyfed Open"]
[Site "Fishguard"]
[Date "2019.02.24"]
[Round "4.7"]
[White "Buttell, David"]
[Black "Van Kemenade, Rudy"]
[Result "1-0"]
[WhiteElo "1793"]
[BlackElo "1944"]
[Annotator "kemen"]
[PlyCount "81"]
[EventDate "2019.??.??"]

{[%evp 0,22,31,39,82,68,63,63,79,73,73,68,53,40,50,42,78,39,35,0,21,21,26,5,22]
} 1. d4 f5 2. g3 Nf6 3. Bg2 g6 4. Nf3 (4. b3 Bg7 5. Bb2 d6 6. Nf3 O-O 7. O-O
Qe8 8. c4 Nc6 9. e3 e5 10. d5 Ne7 {Buttell-Van Kemenade, Dyfed Closed 2015,0-1}
) 4... Bg7 5. O-O O-O 6. c4 d6 7. Nc3 Qe8 8. Nb5 (8. Qc2 Na6 9. Rd1 c6 10. e3
h6 11. b3 g5 12. Ba3 Qh5 13. Rac1 f4 {Van Kemenade-Buttell, Dyfed Open 2012,0-1
}) 8... Na6 9. d5 c6 10. Nc3 {and Bl has been given 2 free moves -Na6 & c3
compared with the immediate d5} Bd7 11. Nd4 Nc7 {main} (11... Nc5 {considered})
12. dxc6 {6 alternatives played} bxc6 $15 13. e3 (13. h3 Rb8 14. Nb3 h6 15. Be3
g5 16. Bxa7 Rb7 17. Bd4 e5 18. Be3 f4 19. Bc1 Qh5 20. g4 Bxg4 $19 {Lettich-De
Santis, Genova op 2000,0-1}) 13... Rb8 (13... c5 {considered- Stockfish10} 14.
Ndb5 Nxb5 15. cxb5 Rb8 16. a4 Be6 17. Ra3 Rd8 18. e4 Nxe4 19. Nxe4 fxe4 20.
Bxe4 d5 21. Bg2 Qd7 $15) 14. Qc2 e5 (14... c5 15. Nde2 Bc6 $15 {Stockfish10}) (
14... d5 15. b3 c5 16. Nde2 dxc4 17. bxc4 Qf7 18. Ba3 Qxc4 19. Rac1 Ne6 20. Nf4
Rfc8 21. Ncd5 Qxc2 22. Rxc2 Kf7 23. Nxf6 Bxf6 24. Bd5 g5 $15 {Stockfish10}) (
14... Ng4 15. b3 e5 16. Nde2 e4 17. Ba3 c5 $11 {Stockfish10}) 15. Nde2 g5 (
15... e4 {considered & pm analysis- to put the N on e5 after Ng4} 16. b3 Ng4
17. Ba3 c5 (17... g5 18. Bxd6 Qh5 19. h3 Ne5 20. Bxc7 Nf3+ 21. Bxf3 (21. Kh1 f4
22. Ng1 $1 {Stockfish10} Rb7 (22... Nxg1 23. Qd1 f3 24. Qxd7 $18) 23. Bxf4 gxf4
24. exf4 Nxg1 25. Kxg1 Bxh3 26. Bxh3 Qxh3 27. Rad1 (27. Nxe4 Bxa1 28. Rxa1 $18)
27... e3 28. Ne4 Re7 29. Ng5 Qh5 30. fxe3 Rxe3 31. Qh2 Qg6 32. Rfe1 $18 {
Stockfish10}) 21... exf3 $19 {pm analysis, agreed winning by Stockfish10 after
its initial doubts} 22. Qd1 Qxh3 (22... Rb7 23. Nd5 Rxc7 24. Nef4 gxf4 25. Nxf4
Qe8 $19 {Stockfish10}) 23. Nf4 gxf4 24. Qxf3 Rb7 25. Qxf4 Bxc3 $19 {Stockfish10
}) 18. Rad1 Rb6 19. Bb2 g5 20. h3 Ne5 21. f4 exf3 22. Bxf3 Nxf3+ 23. Rxf3 Bc6
24. Rf2 Qxe3 25. Bc1 Qe7 26. Qd2 h6 27. Qxd6 $11 {Stockfish10}) 16. b3 Qh5 (
16... e4 17. Ba3 c5 18. Rad1 Qe7 19. Qd2 Rb6 20. f3 exf3 21. Bxf3 h6 22. Bb2
Re8 $11 {Stockfish10}) 17. Ba3 Nce8 (17... d5 18. Bxf8 Rxf8 {considered in pm
analysis with good practical chances for Bl as the Rs are bad defenders( Wh
kept getting mated on g2)}) 18. Rad1 c5 (18... Rf7 {Stockfish10} 19. Bxd6 Nxd6
20. Rxd6 Bf8 21. Rxd7 (21. Rd2 f4 $11) 21... Nxd7 22. Bxc6 Nf6 23. f3 Rc8 24.
Bd5 Nxd5 25. Nxd5 Qg6 $14 {Stockfish10}) (18... Rd8 19. Bb2 (19. Bxd6 Nxd6 20.
Rxd6 f4 21. exf4 gxf4 22. gxf4 (22. f3 Rf7 $11) 22... exf4 23. Nxf4 Qh4 24.
Nce2 Ng4 25. h3 Be5 26. Qd1 Bxd6 27. Qxd6 Nh6 $11 {Stockfish10}) 19... Be6 20.
Qd2 d5 $11 {Stockfish10}) (18... f4 $5 {considered in pm analysis} 19. f3 $16 {
Stockfish10} fxe3 20. Qd3 Rf7 21. Qxe3 Rd8 22. Qxa7 c5 23. Qb6 Rc8 24. Bb2 $16)
19. Nd5 (19. Nb5 Rb6 20. f3 Rf7 21. Bb2 a6 22. Nbc3 Qg6 $11 {Stockfish10})
19... Ng4 $6 {since the N lands up in a passive position} (19... Nxd5 {
Stockfish10 & pm analysis} 20. Bxd5+ Kh8 21. Bg2 f4 22. f3 Rf6 (22... Bc6 $11 {
Stockfish10}) 23. g4 Qf7 24. Nc3 Rg6 (24... Nc7 25. Ne4 $18) (24... Bc6 25. Ne4
Rg6 $11) 25. Rfe1 $11 {Stockfish10}) 20. h3 Nh6 (20... Ngf6 21. Ne7+ (21. f4
Nxd5 22. Bxd5+ Kh8 23. Bg2 $14) 21... Kh8 22. f3 $16 (22. Nxf5 {was Bl's
concern, missing} Bxf5 23. Qxf5 Qxe2 $19)) 21. f4 gxf4 (21... Kh8 22. fxe5 Bxe5
23. Bb2 $18) 22. exf4 (22. gxf4) 22... e4 23. Bxc5 dxc5 24. Ne7+ Kh8 25. Rxd7
$16 Nf6 26. Rxa7 Nfg4 (26... Nhg4 {Stockfish10} 27. Qd2 Rbd8 28. Nd5 Nh6 (28...
Nxd5 29. hxg4) 29. Rc7 Rc8 30. Rxc8 Rxc8 31. Ne3 $18) 27. Nd5 $18 Rbd8 (27...
Bd4+ 28. Nxd4 cxd4 29. Qd1 $18) 28. Rxg7 $1 Kxg7 29. hxg4 Nxg4 30. Qc3+ Kh6 (
30... Kf7 {safer, though then f6 must be kept under control}) 31. Rc1 (31. Rb1
{Stockfish10}) 31... Nh2 32. Qe3 (32. Qa5) 32... Nf3+ 33. Kf2 Nh2 34. Kg1 (34.
Qxc5 Ng4+ 35. Ke1 {is pefectly safe}) 34... Nf3+ {(draw?)} 35. Bxf3 Qxf3 (35...
exf3 36. Qe6+ Kg7 37. Qe7+ (37. Qe5+ Kg8 38. Ne7+ Kf7 39. Nxf5 fxe2 40. Re1 Qg6
41. Qe7+ Kg8 42. Qxd8 Rxd8 43. Ne7+ Kf7 44. Nxg6 hxg6 45. Rxe2 $18 {Stockfish10
}) 37... Kh8 (37... Kg8 38. Nf6+ (38. Nec3 Qh3 $11) 38... Rxf6 39. Qxd8+ Kg7
40. Qe7+ Rf7 41. Qxc5 fxe2 42. Re1 $18) 38. Nec3 Qh3 39. Qe5+ Kg8 40. Ne7+ Kf7
41. Qxf5+ $18 {Stockfish10}) 36. Qxf3 exf3 37. Nec3 Rfe8 38. Kf2 Kg6 39. Kxf3
h5 40. Rd1 Re6 $2 (40... Rh8 41. Na4 h4 (41... Ra8 42. Nxc5 (42. Rd2) 42...
Rxa2 43. Ne3 $18) 42. gxh4 Rxh4 43. Ne7+ Kf7 44. Rxd8) 41. Ne7+ 1-0

[Event "Dyfed Open"]
[Site "Fishguard"]
[Date "2019.02.24"]
[Round "4.8"]
[White "Thomas, Roy"]
[Black "Bevan, Peter M"]
[Result "1/2-1/2"]
[WhiteElo "1719"]
[BlackElo "1907"]
[Annotator "kemen"]
[PlyCount "83"]
[EventDate "2019.??.??"]

{[%evp 0,69,42,-28,-21,-34,-34,-25,-20,-24,-14,-27,-27,-23,-23,-27,-38,-45,-3,
-3,30,45,45,45,74,82,101,120,110,120,112,122,122,29,66,66,66,56,60,60,60,60,74,
71,228,145,205,206,212,206,206,201,238,231,277,249,252,243,223,253,326,347,762,
839,803,828,1121,1256,29989,721,1031,1076]} 1. f4 d5 2. e3 Nf6 3. Nf3 g6 4. Be2
Bg7 5. O-O O-O 6. d3 c5 7. Nc3 Nc6 8. e4 {a Roy speciality} dxe4 (8... d4 9.
Na4 {Roy 1.5-5.5 , but all against higher rated players}) 9. dxe4 {2.5-1.5}
Qxd1 (9... Bg4 {1.5-0.5}) (9... Nd4) (9... e6 10. Be3 Qe7 11. h3 Rd8 12. Qe1 b6
13. Bf2 Qc7 14. e5 Ne8 15. Bh4 Rd7 16. Ng5 {Thomas-Orton, S Wales
International 2017,0-1}) 10. Rxd1 Bg4 11. e5 Ne8 12. Be3 b6 13. Rd2 (13. h3 {
Cloud Engines} Bf5 (13... Be6 14. Ng5 Bh6 15. Bf3 Rc8 16. h4 Bxg5 17. hxg5 f6
18. exf6 exf6 19. gxf6 Nxf6 20. Rd6 Nd8 21. Rad1 Kf7 22. Nb5 {Brem-Horyna,
Plzen op 2011,1-0}) 14. Ne1 Nc7 15. Bf3 Nb4 16. Bxa8 Rxa8 17. Rd2 Be6 18. Rad1
{Goepfert-Jung, MVP ch seniors 2017,1-0}) 13... Nc7 14. h3 Be6 15. Rad1 $16 h6
16. Nb5 (16. a3 {Fritz13}) (16. Bd3 {Stockfish10}) 16... Ne8 17. c4 f6 18. Nh4
$18 {both Engines} fxe5 (18... Kf7 19. g4 g5 20. f5 gxh4 21. fxe6+ Kg8 (21...
Kxe6 22. Bf3 $18) 22. Bf3 Rc8 23. Nd6 exd6 24. exd6 $18 {Stockfish10}) 19. Nxg6
Rf6 20. Nxe5 (20. Bf3 $18 {both Engines} Bxc4 (20... Rxg6 21. Bxc6 Rc8 22. Nxa7
Rb8 23. Rd8 $18) 21. Bxc6 Rxg6 (21... Rxc6 22. Nxe7+) 22. Bxa8 Bxb5 23. f5 Rd6
24. b3 $18 {Stockfish10}) 20... Nxe5 21. fxe5 Rf8 22. Bf3 (22. Re1 a6 23. Nc3
Rb8 24. Nd5 $18 {Stockfish10}) 22... Rxf3 {best try- both Engines} 23. gxf3
Bxc4 24. Nc3 Bxe5 25. Bxh6 (25. Rd8 {both Engines} Rxd8 26. Rxd8 Kf7 27. Bxh6
$18) 25... Nd6 26. b3 $2 (26. Re1 $18) 26... Bxc3 27. bxc4 (27. Rxd6 exd6 28.
bxc4 Bd4+ $11 {Stockfish10}) 27... Bxd2 28. Rxd2 Kf7 (28... Nxc4) 29. Bg5 a5
30. h4 Nxc4 31. Rd7 Re8 32. h5 (32. Rb7 $11) 32... Ke6 (32... Ne5 $19 {both
Engines}) 33. Rb7 Ne5 34. Rxb6+ Kf5 35. f4 (35. Be3) 35... Nf3+ 36. Kf2 Nxg5
37. fxg5 Kxg5 38. Rc6 Kxh5 39. Rxc5+ Kg4 40. Rxa5 e5 41. Ke3 Kf5 42. Ra7
1/2-1/2

[Event "Dyfed Open"]
[Site "Fishguard"]
[Date "2019.02.24"]
[Round "4.9"]
[White "May, Frank"]
[Black "Philpin, Les"]
[Result "1-0"]
[WhiteElo "2069"]
[BlackElo "1702"]
[Annotator "kemen"]
[PlyCount "71"]
[EventDate "2019.??.??"]

{[%evp 0,25,42,5,25,-13,-7,-13,-11,-28,30,16,22,-45,10,17,17,23,26,9,18,20,22,
39,28,34,51,43]} 1. d4 e6 2. c4 Nf6 3. Nc3 d5 4. Bg5 Be7 5. cxd5 exd5 6. Qc2 c6
7. e3 Be6 (7... Nbd7 {main}) 8. Bd3 h6 9. Bh4 Nbd7 10. Nge2 g5 {weakens the K
side} (10... Nh5) 11. Bg3 Nh5 12. O-O (12. f3) (12. O-O-O) 12... Nxg3 13. Nxg3
Qc7 $146 (13... Nf6) (13... Nb6 {played}) 14. Rac1 a6 15. Nf5 Bf8 16. b4 h5 (
16... Bxb4 $5) (16... Nb6) 17. a4 Nb6 18. Rfd1 Nc4 19. Bxc4 dxc4 20. Ne4 Be7
21. Ng7+ $18 Kf8 22. Nxe6+ fxe6 23. Qxc4 Kf7 24. b5 axb5 25. axb5 Rhc8 26. h3 (
26. Qe2) 26... g4 27. hxg4 hxg4 28. Qe2 (28. d5 exd5 29. Rxd5 $18 {Komodo12})
28... Rg8 29. bxc6 bxc6 30. g3 (30. f4 {Komodo12}) 30... Ra5 31. Qc4 Rc8 32.
Kg2 (32. Nc5 Bxc5 33. dxc5 Rd8 34. Rxd8 Qxd8 35. Qf4+ Ke8 36. Qxg4 $18 {
Komodo12}) 32... Rh5 33. Rh1 Rch8 34. Rxh5 Rxh5 35. Qe2 Ba3 36. Qxg4 1-0

[Event "Dyfed Open"]
[Site "Fishguard"]
[Date "2019.02.24"]
[Round "4.10"]
[White "Waterfield, John W"]
[Black "Greatorex, Roger"]
[Result "1-0"]
[WhiteElo "1935"]
[BlackElo "1713"]
[Annotator "kemen"]
[PlyCount "65"]
[EventDate "2019.??.??"]

{[%evp 0,18,46,46,54,30,53,7,71,71,114,111,122,127,112,96,110,117,113,117,89]} 
1. e4 e6 2. d4 (2. Qe2 c5 3. g3 Nc6 4. Nf3 Be7 5. Bg2 a6 6. d3 b5 7. O-O Bb7 8.
Re1 Rc8 {J Van Kemenade-Greatorex,Dyfed Open 2015,1/2-1/2}) 2... a6 3. c4 (3.
Nf3 b5 4. Bd3 Bb7 5. O-O c5 6. c3 Nf6 7. Qe2 Nc6 8. Nbd2 Be7 9. dxc5 Bxc5 10.
b4 Bb6 11. a4 $16 {Waterfield-Greatorex, Welsh Seniors 1918,1-0}) 3... b5 4.
Nf3 (4. cxb5) 4... bxc4 (4... Bb7) 5. Bxc4 Bb7 6. Nc3 (6. Nbd2 Nf6 7. Bd3 Be7
8. O-O O-O 9. Qc2 h6 10. Nb3 Nc6 11. a3 d6 12. Re1 Ne8 13. d5 exd5 14. exd5 Ne5
15. Nxe5 dxe5 {Armstrong-Greatorex,4NCL 2004,1-0}) 6... Ne7 (6... Bb4) 7. Qb3
$18 (7. Bg5 Qc8 8. O-O h6 9. Be3 g6 10. d5 {Gladkov-Sviridov, RUS ch U14
Dagomys 2009,1/2-1/2}) 7... Qc8 (7... Bxe4 8. Nxe4 d5 9. Ne5 f6 10. Qb7 fxe5
11. Qxa8 dxc4 12. dxe5 $18 {Stockfish10}) 8. d5 Ng6 9. Be3 (9. h4) 9... Bd6 10.
O-O e5 11. Rad1 (11. h4) 11... O-O 12. Qc2 Be7 13. Ne2 (13. Rc1) 13... d6 14.
Ng3 Nd7 15. Nf5 Bd8 16. Rd3 $18 Nf6 17. Rc3 Qb8 18. Bb3 (18. a4) 18... Nd7 19.
Ba4 Nb6 20. Bc6 (20. Bxb6 cxb6 21. Bc6 Bxc6 22. dxc6 Bc7 23. Rd1 $18 {
Stockfish10}) 20... Bxc6 21. Rxc6 (21. dxc6 {also, Stockfish10}) 21... Nc8 22.
Rc3 (22. g4) 22... Qb5 (22... Nce7) 23. Rb3 Qd7 24. Ra3 Nb6 25. Rc1 Ne7 26.
Nxe7+ Qxe7 27. Qc6 Ra7 28. Nd2 (28. b4) 28... Qe8 29. Rb3 Qxc6 30. dxc6 (30.
Rxc6 {also}) 30... Re8 31. Nc4 Re6 32. Nxb6 cxb6 33. Bxb6 1-0